[Event "Subotica-ch"]
[Site "Subotica"]
[Date "2010.03.05"]
[Round "8"]
[White "Kumic, Filip"]
[Black "Horvat, Stevica"]
[Result "1-0"]
[WhiteElo "1969"]
[BlackElo "2100"]
[PlyCount "91"]
[EventDate "2010.02.17"]
[EventType "swiss"]
[EventRounds "9"]
[EventCountry "SRB"]
[SourceTitle "EXT 2019"]
[Source "ChessBase"]
[SourceDate "2018.10.10"]
[SourceVersion "1"]
[SourceVersionDate "2018.10.10"]
[SourceQuality "1"]

1. e4 c5 2. Nf3 d6 3. c4 Nf6 4. Nc3 e6 5. d4 cxd4 6. Nxd4 Be7 7. Be2 Nc6 8. 0-0 a6 9. Be3 Qc7 10. f3 Ne5 11. b3 b6 12. Qd2 Bb7 13. Rac1 0-0 14. Rfd1 Rac8 15. Kh1 Qb8 16. Nc2 Nfd7 17. f4 Ng6 18. Nd4 Nc5 19. f5 Ne5 20. fxe6 Nxe4 21. Nxe4 Bxe4 22. Bg5 Qb7 23. Bf1 fxe6 24. Nxe6 Bxg5 25. Nxg5 Ng4 26. Nxe4 Qxe4 27. Re1 Qf5 28. Qd5+ Qxd5 29. cxd5 Rxc1 30. Rxc1 Ne3 31. Bxa6 Ra8 32. Rc8+ Rxc8 33. Bxc8 Kf7 34. Bb7 Kf6 35. a4 Nc2 36. Kg1 Ke5 37. Kf2 Nb4 38. Ke3 g5 39. g4 h6 40. h3 Nxd5+ 41. Bxd5 Kxd5 42. b4 Kc4 43. a5 Kb5 44. axb6 Kxb6 45. Kd4 Kb5 46. Kd5 1-0

[Event "Subotica-ch"]
[Site "Subotica"]
[Date "2010.02.19"]
[Round "2"]
[White "Horvat, Stevica"]
[Black "Tancik, Kristijan"]
[Result "1/2-1/2"]
[WhiteElo "2100"]
[BlackElo "2248"]
[PlyCount "57"]
[EventDate "2010.02.17"]
[EventType "swiss"]
[EventRounds "9"]
[EventCountry "SRB"]
[SourceTitle "EXT 2019"]
[Source "ChessBase"]
[SourceDate "2018.10.10"]
[SourceVersion "1"]
[SourceVersionDate "2018.10.10"]
[SourceQuality "1"]

1. d4 d5 2. c4 e6 3. Nc3 c6 4. cxd5 exd5 5. Nf3 Nf6 6. Bg5 Be7 7. Qc2 g6 8. e3 Bf5 9. Bd3 Bxd3 10. Qxd3 Nbd7 11. Rb1 a5 12. 0-0 0-0 13. Rfc1 Re8 14. Na4 Ne4 15. Bxe7 Qxe7 16. Nd2 Ndf6 17. Nc5 Nxd2 18. Qxd2 Ne4 19. Nxe4 Qxe4 20. b4 axb4 21. Rxb4 Ra7 22. Qb2 Qe7 23. a4 Rea8 24. h3 Rxa4 25. Rxb7 Qf6 26. Rb8+ Rxb8 27. Qxb8+ Kg7 28. Qb3 Ra6 29. Qc2 1/2-1/2

[Event "Subotica-ch"]
[Site "Subotica"]
[Date "2008.02.27"]
[Round "5"]
[White "Horvat, Stevica"]
[Black "Mamuzic, Mirko"]
[Result "1/2-1/2"]
[WhiteElo "2087"]
[BlackElo "2269"]
[PlyCount "133"]
[EventDate "2008.02.18"]
[EventType "swiss"]
[EventRounds "9"]
[EventCountry "YUG"]
[SourceTitle "CBM 123 Extra"]
[Source "ChessBase"]
[SourceDate "2008.05.06"]
[SourceVersion "1"]
[SourceVersionDate "2008.05.06"]
[SourceQuality "1"]

1. d4 Nf6 2. c4 c5 3. d5 e6 4. Nc3 exd5 5. cxd5 d6 6. e4 g6 7. h3 Bg7 8. Bd3 0-0 9. Nf3 Re8 10. 0-0 a6 11. a4 Nbd7 12. Bf4 Qc7 13. Re1 Nh5 14. Bh2 Ne5 15. Nxe5 Bxe5 16. Bxe5 Rxe5 17. Qd2 Re8 18. a5 Qe7 19. Na4 Bd7 20. Nb6 Rad8 21. b4 cxb4 22. Rab1 Qh4 23. Rxb4 Re5 24. Nxd7 Rxd7 25. Re3 Nf4 26. Bf1 Qg5 27. Kh1 Ree7 28. g3 Nh5 29. Qe1 f5 30. f4 Qf6 31. e5 dxe5 32. fxe5 Qg5 33. d6 Rxd6 34. h4 Qh6 35. Rxb7 Red7 36. Rxd7 Rxd7 37. Qc3 Re7 38. Rd3 Nxg3+ 39. Rxg3 Qxh4+ 40. Kg1 f4 41. Qc8+ Kg7 42. Rg4 Qh5 43. Bc4 Qxe5 44. Qg8+ Kh6 45. Qf8+ Kh5 46. Qxf4 Qc5+ 47. Kg2 g5 48. Qf3 Kg6 49. Bd3+ Kg7 50. Rc4 Qxa5 51. Qh5 Qd2+ 52. Kg1 Qxd3 53. Qxg5+ Qg6 54. Rg4 Qxg5 55. Rxg5+ Kf6 56. Ra5 Ra7 57. Kf2 Ke6 58. Ke3 Kd6 59. Kd4 Kc6 60. Kc4 Kb6 61. Rh5 Rc7+ 62. Kb4 Rb7 63. Rh6+ Ka7+ 64. Ka5 Kb8 65. Kxa6 Kc8 66. Re6 Rc7 67. Kb6 1/2-1/2

[Event "Subotica-ch"]
[Site "Subotica"]
[Date "2008.02.20"]
[Round "2"]
[White "Horvat, Stevica"]
[Black "Pacal, Mihaly"]
[Result "1/2-1/2"]
[WhiteElo "2087"]
[BlackElo "2223"]
[PlyCount "62"]
[EventDate "2008.02.18"]
[EventType "swiss"]
[EventRounds "9"]
[EventCountry "YUG"]
[SourceTitle "CBM 123 Extra"]
[Source "ChessBase"]
[SourceDate "2008.05.06"]
[SourceVersion "1"]
[SourceVersionDate "2008.05.06"]
[SourceQuality "1"]

1. d4 b5 2. e4 Bb7 3. Bd3 Nf6 4. Nd2 e6 5. Ngf3 a6 6. 0-0 c5 7. c3 Nc6 8. Re1 cxd4 9. cxd4 Be7 10. Nf1 0-0 11. Bg5 h6 12. Be3 Nb4 13. Ng3 Nxd3 14. Qxd3 Rc8 15. Nd2 d6 16. a3 Qc7 17. Rac1 Qb8 18. b4 Rxc1 19. Rxc1 Rc8 20. Nb3 Rxc1+ 21. Bxc1 Qc7 22. f3 Nd7 23. Bf4 Nb6 24. e5 Nc4 25. exd6 Bxd6 26. Bxd6 Qxd6 27. Nc5 Bd5 28. Nge4 Qf4 29. Nxa6 f5 30. Ng3 Qc1+ 31. Kf2 Nxa3 1/2-1/2

[Event "Subotica-ch op "]
[Site "Subotica"]
[Date "2007.02.19"]
[Round "1"]
[White "Horvat, Stevica"]
[Black "Lorincz, Laszlo"]
[Result "1-0"]
[WhiteElo "2075"]
[BlackElo "1810"]
[PlyCount "95"]
[EventDate "2007.02.19"]
[EventType "swiss"]
[EventRounds "9"]
[EventCountry "YUG"]
[SourceTitle "EXT 2008"]
[Source "ChessBase"]
[SourceDate "2007.11.25"]
[SourceVersion "1"]
[SourceVersionDate "2007.11.25"]
[SourceQuality "1"]

1. d4 d5 2. c4 Nf6 3. Nc3 e6 4. Nf3 c6 5. cxd5 cxd5 6. Bf4 a6 7. e3 Nc6 8. a3 Bd6 9. Bxd6 Qxd6 10. Bd3 Bd7 11. 0-0 Rc8 12. Na4 0-0 13. Nc5 Rb8 14. Rc1 Bc8 15. Qc2 h6 16. b4 Nd7 17. Nxa6 Ra8 18. Qc3 Nxd4 19. Nxd4 bxa6 20. Qc6 Qxc6 21. Nxc6 Re8 22. Rc2 Bb7 23. Na5 Bc8 24. Rfc1 Ne5 25. Be2 Bd7 26. Rc7 Bb5 27. Bd1 Nc4 28. Nxc4 Bxc4 29. Ba4 Rec8 30. Rxc8+ Rxc8 31. Bb3 Kf8 32. Bxc4 dxc4 33. Kf1 Ke7 34. Ke2 Kd6 35. Kd2 a5 36. Kc3 e5 37. Rd1+ Ke6 38. bxa5 Rc6 39. Rb1 Rc7 40. Rb4 Ra7 41. Ra4 Kd5 42. a6 f6 43. Ra5+ Kc6 44. Kxc4 Kb6 45. Kb4 Kc6 46. e4 Kb6 47. g3 g5 48. Rb5+ 1-0

[Event "Bajmok op 9th"]
[Site "Bajmok"]
[Date "2006.12.22"]
[Round "6"]
[White "Horvat, Stevica"]
[Black "Petrekanovic, Miroslav"]
[Result "0-1"]
[WhiteElo "2091"]
[BlackElo "2094"]
[PlyCount "72"]
[EventDate "2006.12.09"]
[EventType "swiss"]
[EventRounds "9"]
[EventCountry "SRB"]
[SourceTitle "EXT 2022"]
[Source "ChessBase"]
[SourceDate "2021.10.06"]
[SourceVersion "1"]
[SourceVersionDate "2021.10.06"]
[SourceQuality "1"]

1. d4 d5 2. c4 e6 3. cxd5 Qxd5 4. Nc3 Bb4 5. Qa4+ Nc6 6. Qxb4 Nxb4 7. Nxd5 exd5 8. Kd1 Bf5 9. Bd2 Nc6 10. Rc1 Nf6 11. e3 Ne4 12. Be1 0-0-0 13. Bb5 Rd6 14. Ne2 a6 15. Ba4 Rf6 16. f3 Nd6 17. Bb3 Re8 18. Bd2 Nc4 19. Rxc4 dxc4 20. Bxc4 b5 21. Bb3 Bd3 22. Nf4 Bc4 23. Bc2 Bxa2 24. b3 Rxf4 25. exf4 Nxd4 26. Bc3 Nxb3 27. Bf5+ Kb7 28. Be4+ Kb6 29. Kc2 Nc5 30. Bd4 Rd8 31. Be3 b4 32. Kb2 Bc4 33. Rc1 Kb5 34. Bc6+ Kxc6 35. Rxc4 Rd5 36. Kc2 Kb5 0-1

[Event "Bajmok op 9th"]
[Site "Bajmok"]
[Date "2006.12.09"]
[Round "1"]
[White "Horvat, Stevica"]
[Black "Gabric, Goran"]
[Result "0-1"]
[WhiteElo "2091"]
[BlackElo "1990"]
[PlyCount "92"]
[EventDate "2006.12.09"]
[EventType "swiss"]
[EventRounds "9"]
[EventCountry "SRB"]
[SourceTitle "EXT 2022"]
[Source "ChessBase"]
[SourceDate "2021.10.06"]
[SourceVersion "1"]
[SourceVersionDate "2021.10.06"]
[SourceQuality "1"]

1. d4 d5 2. c4 e6 3. Nc3 Be7 4. Nf3 Nf6 5. cxd5 exd5 6. Bg5 0-0 7. Qc2 g6 8. e3 Bf5 9. Qd2 c6 10. Be2 Re8 11. h3 Ne4 12. Nxe4 Bxe4 13. Bf4 Bd6 14. Bxd6 Qxd6 15. 0-0 Nd7 16. Rac1 a5 17. Qc3 a4 18. Ne1 Rec8 19. Bg4 h5 20. Bxd7 Qxd7 21. f3 Bf5 22. g4 hxg4 23. hxg4 Be6 24. Nd3 Kg7 25. Kf2 Qd6 26. Rh1 Rh8 27. Nf4 Bd7 28. Rcg1 Qe7 29. Qd3 Qb4 30. Qc3 Qd6 31. Qe1 a3 32. b4 Qe7 33. Qc3 Rh4 34. Qc5 Qg5 35. Qd6 Rd8 36. Qc7 b5 37. Nh5+ gxh5 38. gxh5 Bg4 39. Rxh4 Qxh4+ 40. Ke2 Qf6 41. Rxg4+ Kh7 42. Rf4 Qg5 43. Rxf7+ Kg8 44. Kd3 Qxh5 45. Rg7+ Kh8 46. Rh7+ Qxh7+ 0-1

[Event "Vojvodina-chT"]
[Site "Sremska Mitrovica"]
[Date "2006.09.25"]
[Round "6"]
[White "Horvat, Stevica"]
[Black "Kitic, Dusan"]
[Result "0-1"]
[WhiteElo "2091"]
[BlackElo "2244"]
[PlyCount "96"]
[EventDate "2006.09.22"]
[EventType "team"]
[EventRounds "9"]
[EventCountry "YUG"]
[SourceTitle "CBM 114 Extra"]
[Source "ChessBase"]
[SourceDate "2006.11.03"]
[SourceVersion "1"]
[SourceVersionDate "2006.11.03"]
[SourceQuality "1"]

1. d4 Nf6 2. c4 c5 3. d5 g6 4. Nc3 Bg7 5. e4 d6 6. h3 e6 7. Bd3 0-0 8. Nf3 exd5 9. exd5 Re8+ 10. Be3 Bh6 11. 0-0 Bxe3 12. fxe3 Nbd7 13. Qd2 a6 14. a4 Kg7 15. e4 Qe7 16. Rf2 Rf8 17. Raf1 Ng8 18. Qf4 Ne5 19. Nxe5 Qxe5 20. Qxe5+ dxe5 21. a5 Bd7 22. Bc2 Rab8 23. Ba4 Bc8 24. Bd1 Bd7 25. Ba4 Bc8 26. Kh2 b6 27. axb6 Rxb6 28. g4 f6 29. Bd1 Bd7 30. b3 Ne7 31. Bc2 Rh8 32. Ra1 g5 33. Bd1 Ng6 34. Rfa2 h5 35. gxh5 Nf4 36. Rxa6 Rxa6 37. Rxa6 Bxh3 38. Ra7+ Kh6 39. Rf7 Nxh5 40. Bxh5 Kxh5 41. Rxf6 Rb8 42. Nb5 Bd7 43. Rf7 Bxb5 44. cxb5 Rxb5 45. Rf5 Rxb3 46. Rxe5 Rd3 47. Re6 Kg4 48. Rc6 Kf3 0-1

[Event "Vojvodina-chT"]
[Site "Sremska Mitrovica"]
[Date "2006.09.25"]
[Round "5"]
[White "Ivanovic, Miroslav"]
[Black "Horvat, Stevica"]
[Result "1/2-1/2"]
[WhiteElo "2164"]
[BlackElo "2091"]
[PlyCount "117"]
[EventDate "2006.09.22"]
[EventType "team"]
[EventRounds "9"]
[EventCountry "YUG"]
[SourceTitle "CBM 114 Extra"]
[Source "ChessBase"]
[SourceDate "2006.11.03"]
[SourceVersion "1"]
[SourceVersionDate "2006.11.03"]
[SourceQuality "1"]

1. Nf3 d5 2. b3 Nf6 3. Bb2 c6 4. e3 Bg4 5. Be2 Nbd7 6. h3 Bh5 7. d3 e6 8. 0-0 Bd6 9. Nbd2 0-0 10. g4 Bg6 11. Nh4 Ne8 12. Ng2 f5 13. f4 e5 14. g5 Nc7 15. Nf3 Qe7 16. Nfh4 Rae8 17. Bh5 Qf7 18. Bxg6 hxg6 19. Qd2 Ne6 20. Nf3 exf4 21. exf4 d4 22. Kh1 c5 23. b4 b6 24. a4 Nc7 25. a5 Nd5 26. axb6 axb6 27. Ra7 Ne3 28. Rf2 Bb8 29. Ra1 Nxg2 30. Kxg2 Re3 31. c3 Bxf4 32. Qc2 Qd5 33. cxd4 cxd4 34. Qc4 Qxc4 35. dxc4 d3 36. Bd4 Re4 37. Ra3 Bxg5 38. Bxb6 Nxb6 39. Nxg5 Rxc4 40. Rxd3 Rxb4 41. Rd6 Nc4 42. Rxg6 Ne5 43. Rxg7+ Kxg7 44. Ne6+ Kf7 45. Nxf8 Kxf8 46. Rxf5+ Nf7 47. Kg3 Kg7 48. Rf4 Rb3+ 49. Rf3 Rb1 50. Ra3 Ng5 51. Kf4 Kf6 52. h4 Ne6+ 53. Kg4 Rb4+ 54. Kg3 Nc5 55. Ra5 Rc4 56. Rb5 Kf5 57. Kf3 Rc3+ 58. Ke2 Rc2+ 59. Ke3 1/2-1/2

[Event "Vojvodina-chT"]
[Site "Sremska Mitrovica"]
[Date "2006.09.24"]
[Round "4"]
[White "Horvat, Stevica"]
[Black "Zdravkovic, Toma"]
[Result "0-1"]
[WhiteElo "2091"]
[BlackElo "2192"]
[PlyCount "72"]
[EventDate "2006.09.22"]
[EventType "team"]
[EventRounds "9"]
[EventCountry "YUG"]
[SourceTitle "CBM 114 Extra"]
[Source "ChessBase"]
[SourceDate "2006.11.03"]
[SourceVersion "1"]
[SourceVersionDate "2006.11.03"]
[SourceQuality "1"]

1. d4 Nf6 2. c4 g6 3. Nc3 d5 4. Nf3 Bg7 5. Bg5 Ne4 6. cxd5 Nxg5 7. Nxg5 e6 8. Nf3 exd5 9. e3 0-0 10. Be2 c6 11. b4 f5 12. g3 Kh8 13. Rc1 g5 14. b5 f4 15. bxc6 bxc6 16. 0-0 Qe7 17. exf4 gxf4 18. Re1 Qf6 19. Ne5 Nd7 20. Bf1 fxg3 21. fxg3 Nxe5 22. dxe5 Qf2+ 23. Kh1 Be6 24. Qe2 d4 25. Ne4 Bd5 26. Bg2 Qxe2 27. Rxe2 d3 28. Ree1 Bxe5 29. Nd2 Bb2 30. Rcd1 Bxa2 31. Bxc6 Rad8 32. Re7 Rf7 33. Rxf7 Bxf7 34. Bf3 a5 35. Nb1 a4 36. Be4 Bg6 0-1

[Event "Vojvodina-chT"]
[Site "Sremska Mitrovica"]
[Date "2006.09.22"]
[Round "1"]
[White "Brajic, Djordje"]
[Black "Horvat, Stevica"]
[Result "1-0"]
[WhiteElo "2257"]
[BlackElo "2091"]
[PlyCount "119"]
[EventDate "2006.09.22"]
[EventType "team"]
[EventRounds "9"]
[EventCountry "YUG"]
[SourceTitle "CBM 114 Extra"]
[Source "ChessBase"]
[SourceDate "2006.11.03"]
[SourceVersion "1"]
[SourceVersionDate "2006.11.03"]
[SourceQuality "1"]

1. e4 c5 2. Nc3 Nc6 3. g3 g6 4. Bg2 Bg7 5. d3 d6 6. Nge2 e6 7. Be3 Nge7 8. Qd2 Nd4 9. Nd1 Nxe2 10. Qxe2 Nc6 11. c3 0-0 12. f4 Rb8 13. 0-0 Bd7 14. Nf2 Qe7 15. h4 h5 16. Rae1 Rfe8 17. Nh3 a5 18. f5 exf5 19. exf5 Bxf5 20. Ng5 Qd7 21. Bd5 Nd4 22. Qd1 Ne6 23. Rxf5 gxf5 24. Qxh5 Nxg5 25. Qxg5 Re5 26. c4 Qe7 27. Qxe7 Rxe7 28. Bd2 Rxe1+ 29. Bxe1 Bxb2 30. Bxa5 b6 31. Bd2 Be5 32. Kf2 Kg7 33. Kf3 Kg6 34. h5+ Kf6 35. g4 fxg4+ 36. Kxg4 Rg8+ 37. Kh4 Bg3+ 38. Kh3 Bf2 39. Be4 Ke5 40. h6 f5 41. Bd5 Rh8 42. Bg5 Be1 43. a4 Bf2 44. Kg2 Be1 45. Kf3 Ba5 46. Bf7 Bc3 47. Bd5 Be1 48. Ke2 Bc3 49. Kf2 f4 50. Kf3 Bd2 51. Kg4 Bc1 52. Kh5 Kf5 53. Be4+ Ke6 54. Kg4 Kf7 55. Kf5 Bb2 56. Kxf4 Bf6 57. Bd5+ Ke7 58. Kf5 Bxg5 59. Kxg5 Kf8 60. Kg6 1-0

[Event "Bajmok op 8th"]
[Site "Bajmok"]
[Date "2006.01.04"]
[Round "8"]
[White "Trbovic, Bogdan"]
[Black "Horvat, Stevica"]
[Result "1/2-1/2"]
[WhiteElo "2039"]
[BlackElo "2070"]
[PlyCount "36"]
[EventDate "2005.12.23"]
[EventType "swiss"]
[EventRounds "9"]
[EventCountry "YUG"]
[SourceTitle "CBM 110 Extra"]
[Source "ChessBase"]
[SourceDate "2006.03.10"]
[SourceVersion "2"]
[SourceVersionDate "2006.03.10"]
[SourceQuality "1"]

1. d4 Nf6 2. c4 Nc6 3. Nc3 d5 4. cxd5 Nxd5 5. e3 e5 6. Bb5 Nxc3 7. bxc3 Qd5 8. Bf1 exd4 9. cxd4 Bf5 10. a3 Be7 11. Bd2 0-0 12. Nf3 Na5 13. Qa4 b6 14. Be2 Bd7 15. Qc2 Nb3 16. Rb1 Nxd2 17. Nxd2 Qa5 18. 0-0 Qxa3 1/2-1/2